| 000 | 00550nam a22001457a 4500 | ||
|---|---|---|---|
| 003 | 0 | ||
| 005 | 20221116091540.0 | ||
| 008 | 221116b xxu||||| |||| 00| 0 eng d | ||
| 050 |
_aHD 30.2 _b.C58 2022 |
||
| 245 |
_aDatec PNG datacenter network switch upgrade : improving infrastructure performance and mitigating end-of-life (EOL) hardware issues _cJerome Z. Chuacuco |
||
| 260 |
_aLas Pinas City, Philippines _bSouthville International School and Colleges _cC2022 |
||
| 300 |
_axi,60pp. _c28cm. _fTheses |
||
| 500 | _aHardware issues. | ||
| 942 |
_2lcc _cTH |
||
| 999 |
_c364891 _d364891 |
||